Evénements du 15 novembre - Statistiques

Statistiques générales
  • Ce quiz a été pris 44 fois
  • Le résultat moyen est 6 sur 15
Statistiques - réponses
Hint Réponse % Correct
Justin II devient empereur à Byzance 565
69%
Prise de Cuzco par les Espagnols 1533
63%
Sortie de Love me tender, premier film d'Elvis Presley 1956
63%
Naissance du roi Jean 1er de France 1316
57%
Naissance d'Erwin Rommel, militaire allemand 1891
49%
La loi sur le PACS est adoptée 1999
49%
Première réunion de la Société des Nations 1920
46%
Naissance de Jérôme Bonaparte, futur roi de Wesphalie 1784
43%
Bataille du pont d'Arcole 1796
40%
Décès de Jean Gabin, acteur 1976
40%
Proclamation de la république du Brésil 1889
34%
Lancement du microprocesseur Intel 4004 1971
26%
Création du magazine Modes et Travaux 1919
23%
Décès de Dora Doll, actrice 2015
23%
Naissance d'Anna de Noailles, écrivain 1876
20%
Aucun quiz correspondant
Distribution des résultats
% des personnes avec chaque résultat
Percentile par nombre de réponses
Votre historique - résultats
Vous n’avez pas pris ce quiz